000 00573nam a22002297a 4500
003 UA-OsUOA
001 93077
007 ta
008 20130114b un ||||| |||| 00| 0 ukr d
100 _aБайкурт Ф.
090 _a821.512.161
_bБ12
942 _cBK
040 _aUA-OsUOA
_brus
_cUA-OsUOA
_dUA-OsUOA
245 _aИзбранное
300 _a539 с.
955 _a3
041 _arus
080 _a821.512.161
260 _aМ.
_bРадуга
_c1987
650 7 _a82 Література. Літературознавство
_2UDC
999 _c379080
_d379080